World Leaders - First Names Quiz Stats

 Plays Quiz Updated Jan 20, 2015

Also try: Female Firsts
Challenge
Share
Tweet
Embed
Score 0/36 Timer 05:00
3 Plays Today
Country First Name % Correct
South AfricaNelson
98.5%
CubaFidel
97.1%
United KingdomMargaret
94.6%
North KoreaKim*
94.5%
IraqSaddam
84.2%
United StatesDwight
82.4%
VietnamHồ*
76%
VenezuelaHugo
74.5%
CambodiaPol
70.1%
PalestineYasser
68.8%
UgandaIdi
66.3%
EgyptAnwar
61.6%
Soviet UnionMikhail
55.9%
TaiwanChiang*
55.3%
FranceFrançois
55.1%
ZimbabweRobert
54.6%
IndiaIndira
53.5%
PolandLech
53.1%
Country First Name % Correct
ItalySilvio
53%
SpainFrancisco
49.5%
PakistanBenazir
47.9%
ArgentinaJuan
46.6%
LibyaMuammar
44.7%
EthiopiaHaile
42.5%
SerbiaSlobodan
41.4%
IsraelDavid
39.8%
ChinaDeng*
37%
ChileAugusto
34.1%
CanadaStephen
33.2%
AfghanistanHamid
29.1%
United NationsDag
28.7%
West GermanyKonrad
25.2%
IranMahmoud
24.9%
NigeriaGoodluck
22.1%
AustraliaJulia
22%
MexicoFelipe
19.5%

You're not logged in!

Compare scores with friends on all Sporcle quizzes.
Join for Free
OR
Log In

You Might Also Like...

Show Comments

Extras

Top Quizzes Today


Score Distribution

Your Account Isn't Verified!

In order to create a playlist on Sporcle, you need to verify the email address you used during registration. Go to your Sporcle Settings to finish the process.

Report this User

Report this user for behavior that violates our Community Guidelines.

Details: